Menová integrácia v rámci Afriky - zóna franku CFA
História vzniku Zóny francúzskeho franku CFA. Projekt Európskej menovej únie a prepojenie franku CFA na euro bolo novým impulzným faktorom pre obchodné a finančné vzťahy medzi oblasťou CFA a krajinami EÚ a predstavovalo súhrn nových príležitostí pre ekonomiky Zóny CFA. Identifikácia výhod pre tento...
Gespeichert in:
| 1. Verfasser: | |
|---|---|
| Format: | Buchkapitel |
| Sprache: | Slowakisch |
| Schlagworte: | |
| Tags: |
Keine Tags, Fügen Sie das erste Tag hinzu!
|
MARC
| LEADER | 00000naa$a2200000$$$4500 | ||
|---|---|---|---|
| 001 | 0039529 | ||
| 005 | 20231103101312.8 | ||
| 041 | 0 | |a slo | |
| 044 | |a SK | ||
| 245 | 1 | 0 | |a Menová integrácia v rámci Afriky - zóna franku CFA |c Mamadou Saliou Kaba |
| 520 | |a História vzniku Zóny francúzskeho franku CFA. Projekt Európskej menovej únie a prepojenie franku CFA na euro bolo novým impulzným faktorom pre obchodné a finančné vzťahy medzi oblasťou CFA a krajinami EÚ a predstavovalo súhrn nových príležitostí pre ekonomiky Zóny CFA. Identifikácia výhod pre tento región Afriky pri príležitosti zavedenia európskej meny. | ||
| 610 | 2 | 0 | |a Afrika |
| 610 | 2 | 0 | |a integrácia menová |
| 610 | 2 | 0 | |a euro |
| 100 | 1 | |a Kaba, Mamadou Saliou | |